[Event "WLS-ch Minor"]
[Site "Cardiff"]
[Date "2017.04.16"]
[Round "5"]
[White "Jones, Dwain"]
[Black "Smith, Callum A"]
[Result "1-0"]
[WhiteElo "1245"]
[BlackElo "1082"]
[PlyCount "41"]
[EventDate "2017.04.14"]
[EventType "swiss"]
[EventRounds "7"]
[EventCountry "WLS"]
[SourceTitle "EXT 2022"]
[Source "ChessBase"]
[SourceDate "2021.10.06"]
[SourceVersion "1"]
[SourceVersionDate "2021.10.06"]
[SourceQuality "1"]

1. d4 d5 2. c4 e6 3. Nc3 Nf6 4. Bg5 Be7 5. f3 Nc6 6. e4 dxe4 7. Be3 exf3 8. Nxf3 Bb4 9. Bd3 b6 10. a3 Bxc3+ 11. bxc3 Bb7 12. 0-0 h6 13. Bc2 Qd6 14. Qd2 0-0-0 15. Bf4 Qe7 16. Rfe1 Na5 17. Qd3 Bxf3 18. Qxf3 Nxc4 19. Qa8+ Kd7 20. Ba4+ c6 21. Qxc6# 1-0